Language in action / (Record no. 139880)

MARC details
000 -LEADER
fixed length control field 00523nam a22001697a 4500
005 - DATE AND TIME OF LATEST TRANSACTION
control field 20170515142646.0
010 ## - LCCN (DPL NO)
LC control number ENG-118153
020 ## - INTERNATIONAL STANDARD BOOK NUMBER
International Standard Book Number 9788123431369
Terms of availability 70.00
035 ## - SYSTEM CONTROL NUMBER
System control number EN-101685
037 ## - SOURCE OF ACQUISITION
Source of stock number/acquisition DBAD/PUB
082 ## - DEWEY DECIMAL CLASSIFICATION NUMBER
Classification number 882
245 ## - TITLE STATEMENT
Title Language in action /
Remainder of title (One act plays)
Statement of responsibility, etc by edited R.Santhi
260 ## - PUBLICATION, DISTRIBUTION, ETC. (IMPRINT)
Place of publication, distribution, etc Chennai
Name of publisher, distributor, etc New Century Book House (P) Ltd.,
Date of publication, distribution, etc 2016
270 ## - ADDRESS
Address 41-B, SIDCO Industrial Estate, Ambattur, Chennai -600098
300 ## - PHYSICAL DESCRIPTION
Extent 103p.
Dimensions 21cm. (pbk)
942 ## - ADDED ENTRY ELEMENTS (KOHA)
Source of classification or shelving scheme Dewey Decimal Classification
Item type English Books
Classification part 882
Call number suffix LAN
Holdings
Withdrawn status Lost status Not for loan Collection code Home library Current library Date acquired Source of acquisition Cost, normal purchase price Full call number Barcode Copy number Cost, replacement price Koha item type
    Not For Loan Non-fiction D.B.Act.Division Bawana 15/05/2017 DBAD/PUB 70.00 882 LAN EN-101685 1 70.00 English Books

© Delhi Public Library
Hit Counter
free hit counter